000 00933cab a2200289 4500
001 ABS51289
008 090401t1994 xxu||||| |||| 00| 0 eng d
035 _a(Sirsi) u19945
041 _aeng
100 _aBarrie, G.
245 _aTrouble in store
260 _c1994
350 _a0
490 _aBuilding
_v259(7857) 26 August 1994, 14-15(2)
520 _aExamines the new planning guidance on out-of-town shopping developments and how the SoS Environment plans to use this guidance to restrict their spread.
650 _aOUT-OF-TOWN SHOPPING CENTRES
650 _aPLANNING POLICY GUIDANCE NOTE 13
650 _aPLANNING POLICY GUIDANCE NOTE 6
650 _aPLANNING POLICY GUIDANCE NOTE 13
650 _aPLANNING POLICY GUIDANCE NOTE SIX
650 _aRETAIL DEVELOPMENT
650 _aSHOPPING CENTRES
650 _aSUPERSTORES
690 _aPLANNING LAW AND PRACTICE
942 _n0
948 _c04/03/1997
999 _c13368
_d13368